Score 0/30 Timer 08:00
0 Plays Today
Country % Correct
United States
94.1%
Canada
82.3%
Australia
70.6%
Sweden
55.7%
Singapore
41.3%
Mongolia
37.5%
Democratic Republic of the Congo
36.2%
Qatar
34.7%
Pakistan
33.7%
Kuwait
33.4%
Belgium
32.5%
Luxembourg
31.8%
Kazakhstan
31.4%
Bahrain
30.9%
Nepal
30.8%
Country % Correct
Afghanistan
29.9%
Bangladesh
28.1%
Latvia
25.7%
Madagascar
25.4%
Rwanda
24.7%
Estonia
24.6%
Haiti
24.6%
Burundi
22%
Tajikistan
21.8%
Malawi
20%
Eritrea
19.7%
Mozambique
18%
Timor-Leste
15.2%
The Gambia
15.2%
Trinidad and Tobago
12.9%
Remove Ads.
Support Sporcle.
Get the best of Sporcle when you Go Orange. This ad-free experience offers more features, more stats, and more fun while also helping to support Sporcle. Thank you for becoming a member.

You're not logged in!

Compare scores with friends on all Sporcle quizzes.
OR
Log In

Show Comments

Extras

Top Quizzes Today


Score Distribution

Your Account Isn't Verified!

In order to create a playlist on Sporcle, you need to verify the email address you used during registration. Go to your Sporcle Settings to finish the process.

Report this User

Report this user for behavior that violates our Community Guidelines.

Details: